Les buteurs en finale de Ligue Des Champions - Statistiques

Statistiques générales
  • Ce quiz a été pris 830 fois
  • Le résultat moyen est 5 sur 10
Answers on the Grid
Answers color-coded by a green-red scale on the quiz's grid according to % correct below.
Antoine Griezmann
Cristiano Ronaldo
Diego Milito
Erling Haaland
Frank Ribéry
Ibrahimovic
Ivan Rakitic
Kai Havertz
Kylian Mbappe
Mario Mandzukic
Mohamed Salah
Robert Lewandowski
Ronaldinho
Ronaldo Nazario
Samuel Eto'o
Sergio Aguero
Sol Campbell
Steven Gerrard
Thierry Henry
Zinédine Zidane
 
Statistiques - réponses
Réponse % Correct
Cristiano Ronaldo
94%
Zinédine Zidane
55%
Kai Havertz
54%
Diego Milito
45%
Mario Mandzukic
45%
Ivan Rakitic
39%
Samuel Eto'o
39%
Mohamed Salah
38%
Steven Gerrard
38%
Sol Campbell
25%
Aucun quiz correspondant
Distribution des résultats
% des personnes avec chaque résultat
Percentile par nombre de réponses
Votre historique - résultats
Vous n’avez pas pris ce quiz